| 000 | 00822nam a22002057a 4500 | ||
|---|---|---|---|
| 003 | AM-YeHGA | ||
| 005 | 20250617154831.0 | ||
| 008 | 190116s ||||| |||| 00| 0 rus d | ||
| 040 | _aAM-YeHGA | ||
| 041 | 0 | _arus | |
| 100 | 1 | _aСветличный, Павел Лукьянович | |
| 245 | 1 | 0 |
_aСправочник энергетика угольной шахты / _cП.Л. Светличный. |
| 260 |
_aМосква : _bУглетехиздат, _c1958 - |
||
| 300 | _aчасть | ||
| 505 | 1 | 0 |
_gЧ. 1 (1958, 564 с.: [4] л. схем. : черт.) _gЧ. 2 (1958, 615 с. : черт.) |
| 653 | 0 | _aГорная электротехника - Справочники | |
| 653 | 0 | _aРудничное электрооборудование - Справочники | |
| 942 |
_2udc _cBK |
||
| 090 | _c423331 | ||
| 999 |
_c420931 _d420931 |
||